| 000 | 01032nam a2200217Ia 4500 | ||
|---|---|---|---|
| 001 | 11729 | ||
| 003 | GE_BSU | ||
| 008 | 181216s||||||||xx |||||||||||||| ||und|| | ||
| 040 | _cGE_BSU | ||
| 080 | _a37.01+371.478+821.161.1-32 | ||
| 100 | _aმაკარენკო,ა.ს. Макаренко,А.С. | ||
| 245 | _aთხზულებანი შვიდ ტომად.ტ.1.პედაგოგიური პოემა. Т.1.Педагогическая поема. | ||
| 245 | _cრედ:ვარლამ ქაჯაია; თარგმ:პოლიო აბრამიასი. | ||
| 260 | _aთბილისი | ||
| 260 | _bინ-ტის გამ-ბა | ||
| 260 | _c1957 | ||
| 300 | _a910გვ;22სმ. | ||
| 300 | _bსაგანთა და პერსონ.საძიებ.გვ:897 | ||
| 653 | _aთხზულებანი შვიდ ტომად.ტ.1.პედაგოგიური პოემა. Т.1.Педагогическая поема. | ||
| 942 | _cBK | ||
| 999 |
_c44910 _d44910 |
||